000
00295nam a2200109Ia 4500
005
20251222152654.0
008
251222s9999||||xx |||||||||||||| ||spa||
082
_a
353.72/M61
100
_a
Ministerio de Agricultura y riego
245
0
_a
Ley Forestal y de Fauna Silvestre N° 29763
942
_c
LIB
999
_c
28586
_d
28586